All about GMAT computer adaptive test (Record no. 176932)

000 -LEADER
fixed length control field 00362nam a2200133Ia 4500
008 - FIXED-LENGTH DATA ELEMENTS--GENERAL INFORMATION
fixed length control field 220217s9999||||xx |||||||||||||| ||und||
020 ## - INTERNATIONAL STANDARD BOOK NUMBER
International Standard Book Number 81-902026-6-9
082 ## - DEWEY DECIMAL CLASSIFICATION NUMBER
Classification number 658 GMA
100 ## - MAIN ENTRY--PERSONAL NAME
Personal name GMAT-CD
245 #0 - TITLE STATEMENT
Title All about GMAT computer adaptive test
260 ## - PUBLICATION, DISTRIBUTION, ETC.
Place of publication, distribution, etc. Micrsoft windows XP
Name of publisher, distributor, etc. New Delhi
Date of publication, distribution, etc. 2008
300 ## - PHYSICAL DESCRIPTION
Other physical details 379
650 ## - SUBJECT ADDED ENTRY--TOPICAL TERM
Topical term or geographic name entry element EXAM BOOKS/GRE/CAT/GATE
Holdings
Withdrawn status Lost status Damaged status Not for loan Collection code Home library Current library Shelving location Date acquired Full call number Barcode Date last seen Price effective from Koha item type
        Humanity Science Central Library Central Library Book Cart 02/18/2022 658 GMA 12121 10/15/2022 02/18/2022 Books

Powered by Koha